(Khmer) No one is born poor: (Record no. 49242)
| 000 -LEADER | |
|---|---|
| fixed length control field | 00379nam a2200109 4500 |
| 020 ## - INTERNATIONAL STANDARD BOOK NUMBER | |
| International Standard Book Number | 9789811448713 |
| 245 ## - TITLE STATEMENT | |
| Title | (Khmer) No one is born poor: |
| Remainder of title | my life journey in the spirit of Angkor / |
| Statement of responsibility, etc | Veng Sereyvuth. |
| 260 ## - PUBLICATION, DISTRIBUTION, ETC. (IMPRINT) | |
| Place of publication, distribution, etc | Singapore: |
| Name of publisher, distributor, etc | Write Editions; |
| Date of publication, distribution, etc | 2021. |
| 300 ## - PHYSICAL DESCRIPTION | |
| Extent | 222 p. |
| Other physical details | ill. |
| Dimensions | 21 cm. |
| 650 ## - SUBJECT ADDED ENTRY--TOPICAL TERM | |
| Topical term or geographic name as entry element | Biography. Cambodia politics. Prisoners. |
| 9 (RLIN) | 86502 |
| 942 ## - ADDED ENTRY ELEMENTS (KOHA) | |
| Source of classification or shelving scheme | |
| Koha item type | Khmer NON FIC Books |
| Withdrawn status | Lost status | Source of classification or shelving scheme | Damaged status | Not for loan | Collection code | Home library | Current library | Date acquired | Total Checkouts | Full call number | Barcode | Checked out | Date last seen | Date checked out | Price effective from | Koha item type |
|---|---|---|---|---|---|---|---|---|---|---|---|---|---|---|---|---|
| Siem Riep | Asian Hope Secondary Library | Asian Hope Secondary Library | 08/12/2025 | 2 | B KHMER 324.259 VEN | 208720 | 05/05/2026 | 04/28/2026 | 04/28/2026 | 08/12/2025 | Khmer NON FIC Books |